El manuscrito : primero y segundo grados /
Compilación de consejos y directrices de conducta de acuerdo a la moral cristiana dirigidos a las niñas de las escuelas teresianas, es decir de la congregación religiosa católica denominada Compañía de Santa Teresa de Jesús, de ahí las siglas utilizadas para indicar la autoría en sus materiales didá...
Shranjeno v:
| Drugi avtorji: | , , |
|---|---|
| Format: | Knjiga |
| Jezik: | španščina |
| Izdano: |
Barcelona, España :
Compañía de Santa Teresa de Jesús : Librería y Tipográfica Católica Pontificia,
1920, c1920
|
| Teme: | |
| Oznake: |
Brez oznak, prvi označite!
|
MARC
| LEADER | 00000nam^a2200000^a^4500 | ||
|---|---|---|---|
| 001 | 000447279 | ||
| 005 | 20250526000000.0 | ||
| 009 | 20260310123628.854 | ||
| 037 | |a Acervo ITESO - Biblioteca | ||
| 041 | |a ESP | ||
| 082 | |a 248. 82 |b MAN | ||
| 245 | 0 | 3 | |a El manuscrito : |b primero y segundo grados / |c Prelim. de E. Guitart, J. Guitart, S. Carreras. |
| 264 | 4 | |a Barcelona, España : |b Compañía de Santa Teresa de Jesús : |b Librería y Tipográfica Católica Pontificia, |c 1920, c1920 | |
| 300 | |a 132 p. ; |c 18.5 cm. | ||
| 336 | |a texto |b txt |2 rdacontenido | ||
| 337 | |a sin mediación |b n |2 rdamedio | ||
| 338 | |a volumen |b nc |2 rdasoporte | ||
| 520 | |a Compilación de consejos y directrices de conducta de acuerdo a la moral cristiana dirigidos a las niñas de las escuelas teresianas, es decir de la congregación religiosa católica denominada Compañía de Santa Teresa de Jesús, de ahí las siglas utilizadas para indicar la autoría en sus materiales didácticos: T.S.J. | ||
| 561 | |a Ex libris manuscrito de Teresa Pérez Verdía | ||
| 649 | |a XX | ||
| 650 | |a Niños - |z España - |x Condiciones Sociales y Culturales - |x Tema Principal | ||
| 650 | |a Mujeres - |z España - |x Condiciones Sociales y Culturales | ||
| 650 | |a Etica Cristiana - |x Tema Principal | ||
| 650 | |a Etica y Religión | ||
| 650 | |a Catolicismo | ||
| 650 | |a Cristianismo | ||
| 650 | |a Religión | ||
| 700 | |a Guitart, Ernesto |e (preliminares) | ||
| 700 | |a Guitart, Justino |e (preliminares) | ||
| 700 | |a Carreras, Salvador |e (preliminares) | ||
| 910 | |a Fondo General | ||
| 920 | |a Impresos - Libros | ||
| 930 | |a Libros Antiguos y Raros | ||
| 905 | |a 108 | ||
| 901 | |a 0500372942 |b IT2 |c LRA |u 20250526 | ||
| 902 | |a https://opac.biblio.iteso.mx/vufind/Record/000447279 | ||